<?xml version="1.0" encoding="UTF-8"?>
<record
    xmlns:xsi="http://www.w3.org/2001/XMLSchema-instance"
    xsi:schemaLocation="http://www.loc.gov/MARC21/slim http://www.loc.gov/standards/marcxml/schema/MARC21slim.xsd"
    xmlns="http://www.loc.gov/MARC21/slim">

  <leader>00759nam a22001457a 4500</leader>
  <controlfield tag="008">181107b        xxu||||| |||| 00| 0 eng d</controlfield>
  <datafield tag="020" ind1=" " ind2=" ">
    <subfield code="a">9789988279226</subfield>
  </datafield>
  <datafield tag="100" ind1=" " ind2=" ">
    <subfield code="a">Appiah, Bright Kweku.</subfield>
  </datafield>
  <datafield tag="245" ind1=" " ind2=" ">
    <subfield code="a">A child is a subject of law. / </subfield>
    <subfield code="c">Bright Kweku Appiah.</subfield>
  </datafield>
  <datafield tag="260" ind1=" " ind2=" ">
    <subfield code="a">Accra : </subfield>
    <subfield code="b">Jaycee Concepts,</subfield>
    <subfield code="c">2018.</subfield>
  </datafield>
  <datafield tag="300" ind1=" " ind2=" ">
    <subfield code="a">xii, 139 p :</subfield>
    <subfield code="c">24 cm.</subfield>
  </datafield>
  <datafield tag="500" ind1=" " ind2=" ">
    <subfield code="a">Includes references.</subfield>
  </datafield>
  <datafield tag="505" ind1=" " ind2=" ">
    <subfield code="a">Contents: Evolution of children's rights and law -- The rights of a child under Ghanaian law -- Offences aimed at protecting children -- The Juvenile Justice System of Ghana -- Procedure adopted in proceedings relating to matters concerning the child -- Child  maintenance, custody, access and succession -- Minor's liability in contract and torts. </subfield>
  </datafield>
  <datafield tag="942" ind1=" " ind2=" ">
    <subfield code="2">lcc</subfield>
    <subfield code="c">BK</subfield>
  </datafield>
  <datafield tag="999" ind1=" " ind2=" ">
    <subfield code="c">6758</subfield>
    <subfield code="d">14258</subfield>
  </datafield>
  <datafield tag="952" ind1=" " ind2=" ">
    <subfield code="0">0</subfield>
    <subfield code="1">0</subfield>
    <subfield code="2">lcc</subfield>
    <subfield code="4">0</subfield>
    <subfield code="7">0</subfield>
    <subfield code="a">WIUC-1</subfield>
    <subfield code="b">WIUC-1</subfield>
    <subfield code="c">LL</subfield>
    <subfield code="d">2018-11-07</subfield>
    <subfield code="l">0</subfield>
    <subfield code="p">2609/150/18</subfield>
    <subfield code="r">2018-11-07 00:00:00</subfield>
    <subfield code="t">1</subfield>
    <subfield code="w">2018-11-07</subfield>
    <subfield code="y">BK</subfield>
  </datafield>
  <datafield tag="952" ind1=" " ind2=" ">
    <subfield code="0">0</subfield>
    <subfield code="1">0</subfield>
    <subfield code="2">lcc</subfield>
    <subfield code="4">0</subfield>
    <subfield code="7">0</subfield>
    <subfield code="a">WIUC-1</subfield>
    <subfield code="b">WIUC-1</subfield>
    <subfield code="c">LL</subfield>
    <subfield code="d">2018-11-07</subfield>
    <subfield code="l">0</subfield>
    <subfield code="p">2610/151/18</subfield>
    <subfield code="r">2018-11-07 00:00:00</subfield>
    <subfield code="t">2</subfield>
    <subfield code="w">2018-11-07</subfield>
    <subfield code="y">BK</subfield>
  </datafield>
  <datafield tag="952" ind1=" " ind2=" ">
    <subfield code="0">0</subfield>
    <subfield code="1">0</subfield>
    <subfield code="2">lcc</subfield>
    <subfield code="4">0</subfield>
    <subfield code="7">0</subfield>
    <subfield code="a">WIUC-1</subfield>
    <subfield code="b">WIUC-1</subfield>
    <subfield code="c">LL</subfield>
    <subfield code="d">2018-11-07</subfield>
    <subfield code="l">0</subfield>
    <subfield code="p">2611/152/18</subfield>
    <subfield code="r">2018-11-07 00:00:00</subfield>
    <subfield code="t">3</subfield>
    <subfield code="w">2018-11-07</subfield>
    <subfield code="y">BK</subfield>
  </datafield>
  <datafield tag="952" ind1=" " ind2=" ">
    <subfield code="0">0</subfield>
    <subfield code="1">0</subfield>
    <subfield code="2">lcc</subfield>
    <subfield code="4">0</subfield>
    <subfield code="7">0</subfield>
    <subfield code="a">WIUC-1</subfield>
    <subfield code="b">WIUC-1</subfield>
    <subfield code="c">LL</subfield>
    <subfield code="d">2018-11-07</subfield>
    <subfield code="l">0</subfield>
    <subfield code="p">2612/153/18</subfield>
    <subfield code="r">2018-11-07 00:00:00</subfield>
    <subfield code="t">4</subfield>
    <subfield code="w">2018-11-07</subfield>
    <subfield code="y">BK</subfield>
  </datafield>
</record>
